00675nam a2200169Ia 4500001001000000003000500010008004100015010001100056040000900067100003800076245011400114260003500228300001000263502008900273650006800362710007500430Para_3165CHAP220125s1983 xx 000 0 und d a201638 cCHAP aRodríguez Gutiérrez, Salvador aEl virus x de la papa en tomate de cáscara (Physalis ixocarpa Brot.). /c Salvador Rodríguez Gutiérrez aChapingo, Méx. :b El autor a44 h. aTesis (Maestro en Ciencias Esp. en Fitopatología) -- CP. Centro de Fitopatología aTomate verde x Enfermedades Plantas x Enfermedades por virus aColegio de Postgraduados (Chapingo, Méx.). Centro de Fitopatología